| 000 | 01420pab a2200169 454500 | ||
|---|---|---|---|
| 008 | 180718b2003 xxu||||| |||| 00| 0 eng d | ||
| 100 | _aCoggburn, Jerrell | ||
| 245 | _aThe relationship between state government performance and state quality of life | ||
| 260 | _c2003 | ||
| 300 | _ap.1337-354. | ||
| 520 | _aThis article examines the relationship between government performance and quality of life in the American states. We contend that the management capacity of state governments should have direct, tangible impacts on the overall social and economic well-being of state citizenry. In order to test this idea, we examine the influence of state management capacity (using the 1999 Government Performance Project grades), alongside other economic and political variables, on two prominent measures of state quality of life - The Morgan Quitno "Most Livable State" Index and State Policy Reports" (SPP) "Camelot Index". We find that both state economic conditions and governmental policy priorities have significant impacts on state performance levels. But, our results clearly indicate that the management capacity of state governments also contributes directly to improving the overall quality of life for state citizens. - Reproduced. | ||
| 650 | _aQuality of life | ||
| 650 | _aGood governance | ||
| 700 | _aSchneider, Saundra K. | ||
| 773 | _aInternational Journal of Public Administration | ||
| 909 | _a58211 | ||
| 999 |
_c58211 _d58211 |
||